[Event "Titled Tuesday intern op 25th Mar Early"]
[Site "Chess.com INT"]
[Date "2025.03.25"]
[Round "2"]
[White "Mateus, Martha"]
[Black "Korneev, Svyatoslav"]
[Result "0-1"]
[WhiteElo "1967"]
[BlackElo "2190"]
[PlyCount "60"]
[EventDate "2025.03.25"]
[EventType "swiss (blitz)"]
[EventRounds "11"]
[EventCountry "USA"]
[SourceTitle "CB14_2025"]
[SourceDate "2024.11.01"]
[SourceVersion "1"]
[SourceVersionDate "2024.11.01"]
[SourceQuality "1"]

1. d4 e6 2. c4 d5 3. Nc3 a6 4. cxd5 exd5 5. Qb3 c5 6. Qxd5 cxd4 7. Qxd8+ Kxd8 8. Nd5 Be6 9. Nb6 Ra7 10. e3 Bb4+ 11. Bd2 Bxd2+ 12. Kxd2 dxe3+ 13. Kxe3 Kc7 14. Nc4 Nf6 15. Rc1 Re8 16. Kd2 Ne4+ 17. Ke3 Nf6 18. Kd2 b5 19. Ne3+ Kb6 20. Bd3 Rd7 21. Ke2 Nc6 22. Nf3 Bg4 23. Rhd1 Nd4+ 24. Kf1 Nxf3 25. gxf3 Bxf3 26. Rd2 Red8 27. Rc3 g5 28. Ke1 h5 29. a4 Ne4 30. axb5 axb5 0-1

[Event "Titled Tuesday intern op 11th Mar Late"]
[Site "Chess.com INT"]
[Date "2025.03.11"]
[Round "2"]
[White "Cieslak, Patryk"]
[Black "Korneev, Svyatoslav"]
[Result "1-0"]
[WhiteElo "2411"]
[BlackElo "2190"]
[PlyCount "123"]
[EventDate "2025.03.11"]
[EventType "swiss (blitz)"]
[EventRounds "11"]
[EventCountry "USA"]
[SourceTitle "CB12_2025"]
[SourceDate "2025.03.19"]
[SourceVersion "1"]
[SourceVersionDate "2025.03.19"]
[SourceQuality "1"]

1. Nf3 d5 2. d4 e6 3. Bf4 Nf6 4. e3 c5 5. Nc3 Bd6 6. dxc5 Bxf4 7. exf4 Qa5 8. Qd4 Nc6 9. Bb5 0-0 10. Bxc6 bxc6 11. b4 Qa3 12. 0-0 a5 13. b5 cxb5 14. Nxb5 Qb4 15. Nd6 Nd7 16. Qxb4 axb4 17. c6 Nf6 18. Rfb1 Rd8 19. Nb5 Ba6 20. Nc7 Ra7 21. Nxa6 Rxa6 22. Nd4 Ne8 23. Rxb4 Rc8 24. f3 f6 25. Nxe6 Rcxc6 26. Nd4 Rc4 27. Rxc4 dxc4 28. Kf2 Ra3 29. Nb5 Ra5 30. Nc3 Ra3 31. Nb5 Ra5 32. a4 f5 33. Ke3 Ra8 34. Kd4 Rc8 35. a5 Nf6 36. a6 Ne8 37. a7 Ra8 38. Kxc4 Kf7 39. Kc5 Ke7 40. Kc6 Kd8 41. Rd1+ Kc8 42. Rd7 h6 43. Re7 Kd8 44. Rd7+ Kc8 45. h4 h5 46. Re7 Kd8 47. Rd7+ Kc8 48. c3 g6 49. Re7 Kd8 50. Rf7 Kc8 51. Rh7 Kd8 52. Rb7 Kc8 53. c4 Nf6 54. Rf7 Ne8 55. Rh7 Kd8 56. Rd7+ Kc8 57. c5 Nf6 58. Rf7 Ne8 59. Rh7 Kd8 60. Rd7+ Kc8 61. Nd6+ Nxd6 62. cxd6 1-0

[Event "Titled Tuesday intern op 11th Mar Late"]
[Site "Chess.com INT"]
[Date "2025.03.11"]
[Round "6"]
[White "Korneev, Svyatoslav"]
[Black "Li, Hui"]
[Result "1/2-1/2"]
[WhiteElo "2190"]
[BlackElo "2055"]
[PlyCount "61"]
[EventDate "2025.03.11"]
[EventType "swiss (blitz)"]
[EventRounds "11"]
[EventCountry "USA"]
[SourceTitle "CB12_2025"]
[SourceDate "2025.03.19"]
[SourceVersion "1"]
[SourceVersionDate "2025.03.19"]
[SourceQuality "1"]

1. c4 e6 2. Nf3 d5 3. g3 Nf6 4. Bg2 dxc4 5. 0-0 a6 6. a4 Nc6 7. Qc2 Na5 8. Na3 Bxa3 9. bxa3 0-0 10. d3 cxd3 11. exd3 Bd7 12. Ne5 Bc6 13. Nxc6 Nxc6 14. Bxc6 bxc6 15. Qxc6 Qxd3 16. Qxc7 Rac8 17. Qa5 Qc3 18. Qxc3 Rxc3 19. Bb2 Rc4 20. a5 Nd5 21. Rfc1 Rfc8 22. Rxc4 Rxc4 23. Be5 f6 24. Bd6 Ra4 25. Re1 Kf7 26. Rb1 Rxa5 27. Rb7+ Kg8 28. Rb8+ Kf7 29. Rb7+ Kg8 30. Rb8+ Kf7 31. Rb7+ 1/2-1/2

[Event "Titled Tuesday intern op 11th Mar Late"]
[Site "Chess.com INT"]
[Date "2025.03.11"]
[Round "4"]
[White "Siegel, Noah J"]
[Black "Korneev, Svyatoslav"]
[Result "1/2-1/2"]
[WhiteElo "2228"]
[BlackElo "2190"]
[PlyCount "155"]
[EventDate "2025.03.11"]
[EventType "swiss (blitz)"]
[EventRounds "11"]
[EventCountry "USA"]
[SourceTitle "CB12_2025"]
[SourceDate "2025.03.19"]
[SourceVersion "1"]
[SourceVersionDate "2025.03.19"]
[SourceQuality "1"]

1. d4 e6 2. c4 Bb4+ 3. Bd2 Qe7 4. Nf3 Nf6 5. Qc2 Bxd2+ 6. Nbxd2 d6 7. e3 e5 8. Be2 Nc6 9. 0-0 0-0 10. Rab1 a5 11. b3 Bg4 12. h3 Bh5 13. d5 Bg6 14. e4 Nb4 15. Qb2 Nxe4 16. Nxe4 Bxe4 17. Rbd1 b6 18. a3 Na6 19. b4 Nb8 20. Rfe1 Bxf3 21. Bxf3 Nd7 22. Be2 f5 23. f4 Qh4 24. fxe5 Nxe5 25. c5 axb4 26. axb4 bxc5 27. bxc5 f4 28. Qd4 Qg3 29. Qf2 Qxf2+ 30. Kxf2 Ra2 31. cxd6 cxd6 32. Ra1 Nd3+ 33. Kf1 Rxa1 34. Rxa1 Ne5 35. Ra6 Rd8 36. h4 Kf7 37. Ra4 Ke7 38. Rxf4 Rf8 39. Rxf8 Kxf8 40. Kf2 Ke7 41. Ke3 Kf6 42. g4 h6 43. Kf4 g5+ 44. hxg5+ hxg5+ 45. Ke4 Nd7 46. Kd4 Nc5 47. Bd1 Ke7 48. Bc2 Kd8 49. Kc4 Kc7 50. Kb5 Nd7 51. Bf5 Nf6 52. Be6 Ne8 53. Kc4 Kd8 54. Kd4 Ke7 55. Ke4 Kf6 56. Bd7 Nc7 57. Bc8 Nb5 58. Bd7 Nc3+ 59. Kd4 Ne2+ 60. Ke4 Nf4 61. Bc8 Ng6 62. Bf5 Ne7 63. Bd7 Kf7 64. Be6+ Ke8 65. Kd4 Kd8 66. Ke4 Kc7 67. Kd4 Kb6 68. Kc4 Ka5 69. Bf7 Ka4 70. Be8+ Ka3 71. Kb5 Nxd5 72. Kc6 Ne3 73. Kxd6 Nxg4 74. Ke6 Nf2 75. Kf5 g4 76. Kf4 Kb4 77. Bd7 g3 78. Kxg3 1/2-1/2

[Event "Titled Tuesday intern op 04th Mar Early"]
[Site "Chess.com INT"]
[Date "2025.03.04"]
[Round "10"]
[White "Vingris, Mikelis"]
[Black "Korneev, Svyatoslav"]
[Result "0-1"]
[WhiteElo "2209"]
[BlackElo "2190"]
[PlyCount "156"]
[EventDate "2025.03.04"]
[EventType "swiss (blitz)"]
[EventRounds "11"]
[EventCountry "USA"]
[SourceTitle "CB11_2025"]
[SourceDate "2025.03.12"]
[SourceVersion "1"]
[SourceVersionDate "2025.03.12"]
[SourceQuality "1"]

1. e4 e6 2. d4 d5 3. Nc3 Bb4 4. e5 c5 5. a3 Bxc3+ 6. bxc3 Qa5 7. Bd2 Qa4 8. Qg4 g6 9. Nf3 Nc6 10. h4 h6 11. Bd3 c4 12. Bxg6 fxg6 13. Qxg6+ Kf8 14. Rh3 Nce7 15. Qh5 Qe8 16. Qg4 Qg6 17. Qf4+ Qf5 18. Qxf5+ exf5 19. h5 Be6 20. Nh4 Rh7 21. Rg3 Rg7 22. Ng6+ Ke8 23. Ke2 Nxg6 24. hxg6 Ne7 25. Rh1 Rxg6 26. Rxg6 Nxg6 27. Rxh6 Nf8 28. f3 Kf7 29. Rf6+ Ke7 30. Rh6 Re8 31. Bg5+ Kd7 32. Bf6 Kc6 33. Rh8 Bf7 34. g4 Nd7 35. Rxe8 Bxe8 36. Be7 fxg4 37. fxg4 Nb6 38. Kd2 Kd7 39. Bd6 Ke6 40. Bf8 Nc8 41. Bc5 Bg6 42. Bf8 b6 43. Bb4 Ne7 44. Bd6 Ng8 45. Bb8 a6 46. a4 Nh6 47. g5 Nf5 48. Bc7 b5 49. axb5 axb5 50. Bd8 Ng3 51. Bf6 Ne4+ 52. Kc1 Nxc3 53. Kb2 b4 54. Bd8 Ne2 55. Bb6 Bf5 56. Bc5 Bg6 57. Bxb4 Nxd4 58. Bd6 Nf3 59. Kc3 Nxg5 60. Kd4 Nf3+ 61. Kc5 Nxe5 62. Bb8 Bxc2 63. Ba7 Nd7+ 64. Kd4 Bg6 65. Kc3 Ne5 66. Bd4 Nc6 67. Bh8 Bd3 68. Bg7 d4+ 69. Kd2 Kd5 70. Kc1 Ke4 71. Kd2 c3+ 72. Kc1 Nb4 73. Kd1 Nd5 74. Kc1 Bc4 75. Kc2 Bb5 76. Kc1 Ba4 77. Bh8 Kd3 78. Kb1 Nf4 0-1

[Event "Titled Tuesday intern op 25th Feb Early"]
[Site "Chess.com INT"]
[Date "2025.02.25"]
[Round "10"]
[White "Korneev, Svyatoslav"]
[Black "Jai, Sankar Subramanian"]
[Result "1-0"]
[WhiteElo "2212"]
[BlackElo "2315"]
[PlyCount "153"]
[EventDate "2025.02.25"]
[EventType "swiss (blitz)"]
[EventRounds "11"]
[EventCountry "USA"]
[SourceTitle "CB10_2025"]
[SourceDate "2025.03.05"]
[SourceVersion "1"]
[SourceVersionDate "2025.03.05"]
[SourceQuality "1"]

1. c4 e6 2. Nf3 Nf6 3. g3 d5 4. Bg2 Be7 5. 0-0 0-0 6. b3 a5 7. Nc3 a4 8. Nxa4 dxc4 9. bxc4 Nc6 10. d3 Bd7 11. Nc3 Nb4 12. Ne5 Bc6 13. Nxc6 Nxc6 14. Rb1 Qc8 15. Qb3 Nd8 16. Bb2 Nd7 17. Qc2 Nc6 18. Ra1 Nc5 19. Rfb1 Qd7 20. Ne4 Nd4 21. Bxd4 Qxd4 22. Nxc5 Bxc5 23. e3 Qf6 24. d4 Be7 25. Bxb7 Ra7 26. Be4 h5 27. Rb7 Rxb7 28. Bxb7 c5 29. Rd1 cxd4 30. exd4 Rd8 31. Qe4 Bc5 32. Qf3 Qxf3 33. Bxf3 Bxd4 34. Bxh5 e5 35. Bf3 f5 36. Bd5+ Kf8 37. a4 Rd7 38. Rb1 Ra7 39. Bc6 Ke7 40. Rb8 Kd6 41. Bb5 Kc5 42. Kg2 Kd6 43. h4 Kc7 44. Rf8 Kb6 45. Rxf5 Kc5 46. f4 Kb4 47. fxe5 Re7 48. h5 Bxe5 49. g4 Bd4 50. g5 Re3 51. Rf4 Bc5 52. Rg4 Re7 53. Kf3 Re3+ 54. Kf4 Re1 55. Kf5 Rf1+ 56. Kg6 Bf8 57. Re4 Kc5 58. Re5+ Kd6 59. Rf5 Rxf5 60. Kxf5 Ke7 61. a5 Kf7 62. a6 Bc5 63. Ke4 Kg8 64. Kd5 Ba7 65. Kc6 Be3 66. c5 g6 67. hxg6 Kg7 68. a7 Bxc5 69. Kxc5 Kh8 70. a8Q+ Kg7 71. Qb7+ Kxg6 72. Qg2 Kg7 73. g6 Kh8 74. g7+ Kg8 75. Bc4+ Kh7 76. g8Q+ Kh6 77. Q8g6# 1-0

[Event "Titled Tuesday intern op 25th Feb Early"]
[Site "Chess.com INT"]
[Date "2025.02.25"]
[Round "5"]
[White "Korneev, Svyatoslav"]
[Black "Rodriguez Avila, Alvaro"]
[Result "1/2-1/2"]
[WhiteElo "2212"]
[BlackElo "2260"]
[PlyCount "281"]
[EventDate "2025.02.25"]
[EventType "swiss (blitz)"]
[EventRounds "11"]
[EventCountry "USA"]
[SourceTitle "CB10_2025"]
[SourceDate "2025.03.05"]
[SourceVersion "1"]
[SourceVersionDate "2025.03.05"]
[SourceQuality "1"]

1. c4 Nf6 2. Nf3 g6 3. g3 Bg7 4. Bg2 0-0 5. 0-0 d6 6. Nc3 e5 7. d3 Nbd7 8. Rb1 a5 9. a3 Re8 10. Bg5 Nc5 11. Bxf6 Bxf6 12. b4 axb4 13. axb4 Ne6 14. Qb3 Nd4 15. Nxd4 exd4 16. Ne4 Bg7 17. Rfe1 Be6 18. b5 b6 19. Nd2 Ra7 20. Ra1 Rxa1 21. Rxa1 Bg4 22. Be4 Bxe2 23. Ra8 Qe7 24. Ra1 Bg4 25. Nf3 f5 26. Bd5+ Kh8 27. Re1 Qd8 28. Qd1 Bf6 29. Kg2 f4 30. h3 Bd7 31. gxf4 Rxe1 32. Qxe1 Qe8 33. Qxe8+ Bxe8 34. Ng5 Bd7 35. Be4 Kg7 36. Kg3 h6 37. Nf3 g5 38. fxg5 hxg5 39. Nd2 Be5+ 40. Kg2 Bf4 41. Nf3 Kf6 42. Nxd4 Be5 43. Nc6 Bb2 44. Nb4 Be6 45. Na6 Be5 46. Nxc7 d5 47. Nxd5+ Bxd5 48. Bxd5 Bd4 49. Kf3 Ke5 50. Kg3 Kf6 51. f3 Be3 52. Kg4 Kg6 53. Be4+ Kf6 54. Kh5 Bd2 55. Kg4 Be3 56. Kg3 Bd2 57. Kf2 Bf4 58. Ke2 Ke5 59. Kd1 Kd4 60. Kc2 Be5 61. Kb3 Bd6 62. Ka4 Bc7 63. Kb3 Bd6 64. Kc2 Be5 65. Kd1 Bf4 66. Ke2 Be5 67. Kf2 Bf4 68. Kg2 Be5 69. f4 Bxf4 70. Kf3 Bd6 71. Kg4 Be7 72. Kf5 Bd8 73. Ke6 Kc5 74. Kd7 Bf6 75. Ke6 Bd4 76. Kf5 Be3 77. Ke5 Bd4+ 78. Ke6 Be3 79. Kf6 Kd4 80. Bg6 Kc5 81. Kf5 Kd4 82. Kg4 Kc5 83. Kf3 Bd4 84. Be4 Bc3 85. Ke3 Bd4+ 86. Ke2 Be5 87. Kd2 Bd4 88. Kc2 Be5 89. Kd1 Bd4 90. Ke2 Be5 91. Kf3 Kd4 92. Kg4 Bf4 93. Kf5 Kc5 94. Ke6 Be3 95. Kd7 Bf4 96. Bd5 Be3 97. Kc8 Bf4 98. Bf7 Be3 99. Kb7 Bd4 100. Bd5 Be3 101. Kc7 Bd4 102. Kd7 Be3 103. Ke6 Bd4 104. Kf5 Be3 105. h4 gxh4 106. Kg4 Bf2 107. Be4 Be1 108. Kf3 Bg3 109. Bf5 Be1 110. Ke4 Bf2 111. Ke5 Bg1 112. Bh3 Bd4+ 113. Ke4 Bg1 114. Kf3 Bd4 115. Ke2 Bg1 116. Kf1 Bd4 117. Kg2 Be3 118. Bf5 Bd4 119. Be4 Be3 120. Kh3 Bd4 121. Kxh4 Be3 122. Kg4 Bd4 123. Kf5 Be3 124. Kg4 Bd4 125. Kf3 Be5 126. Ke2 Bd4 127. Kf3 Be5 128. Bg6 Bd4 129. Ke4 Bc3 130. Bf7 Bd4 131. Bd5 Bc3 132. Kf5 Bd4 133. Ke6 Bc3 134. Kd7 Bd4 135. Kc7 Bc3 136. Be4 Bd4 137. Kd7 Bc3 138. Ke6 Bd4 139. Kf5 Bc3 140. Kf4 Bd4 141. Kf3 1/2-1/2

[Event "Titled Tuesday intern op 25th Feb Early"]
[Site "Chess.com INT"]
[Date "2025.02.25"]
[Round "4"]
[White "Tin, Jingyao"]
[Black "Korneev, Svyatoslav"]
[Result "1-0"]
[WhiteElo "2582"]
[BlackElo "2212"]
[PlyCount "107"]
[EventDate "2025.02.25"]
[EventType "swiss (blitz)"]
[EventRounds "11"]
[EventCountry "USA"]
[SourceTitle "CB10_2025"]
[SourceDate "2025.03.05"]
[SourceVersion "1"]
[SourceVersionDate "2025.03.05"]
[SourceQuality "1"]

1. Na3 d5 2. c4 e6 3. e3 Nf6 4. Nf3 Bxa3 5. Qa4+ Nc6 6. Qxa3 Ne7 7. d4 0-0 8. Be2 a6 9. 0-0 Ng6 10. Bd2 dxc4 11. Bxc4 c6 12. Rac1 Re8 13. Rfd1 Ne4 14. Be1 Ne7 15. Bd3 Nf6 16. Ne5 Ng6 17. Ba5 Qe7 18. Bb4 Qd8 19. Ba5 Qe7 20. Bb4 Qd8 21. Bd6 Bd7 22. h3 Nd5 23. Bxg6 hxg6 24. e4 Nf6 25. Qf3 Bc8 26. Ba3 Bd7 27. g4 g5 28. h4 Re7 29. hxg5 Nh7 30. Qf4 Be8 31. Bxe7 Qxe7 32. Nf3 Nf8 33. Kg2 Ng6 34. Qh2 f6 35. Rh1 e5 36. gxf6 gxf6 37. dxe5 fxe5 38. Qh6 Nf4+ 39. Kg3 Qg7 40. Qxg7+ Kxg7 41. Nxe5 Ne2+ 42. Kf3 Nxc1 43. Rxc1 Kf6 44. Kf4 Rd8 45. Rh1 Kg7 46. Kg5 Rd4 47. f3 Rd2 48. f4 Rxb2 49. f5 Rf2 50. Rh6 c5 51. Re6 Bb5 52. Re7+ Kf8 53. Ng6+ Kg8 54. Kf6 1-0

[Event "Titled Tuesday intern op 21st Jan Late"]
[Site "Chess.com INT"]
[Date "2025.01.21"]
[Round "3"]
[White "Korneev, Svyatoslav"]
[Black "Alvarado, Carlos"]
[Result "1/2-1/2"]
[WhiteElo "2187"]
[BlackElo "2032"]
[PlyCount "157"]
[EventDate "2025.01.21"]
[EventType "swiss (blitz)"]
[EventRounds "11"]
[EventCountry "USA"]
[SourceTitle "CB05_2025"]
[SourceDate "2025.01.29"]
[SourceVersion "1"]
[SourceVersionDate "2025.01.29"]
[SourceQuality "1"]

1. c4 e6 2. Nf3 d5 3. b3 Nf6 4. g3 Be7 5. Bg2 0-0 6. 0-0 Nbd7 7. Bb2 b6 8. e3 Bb7 9. Qe2 dxc4 10. bxc4 c5 11. a4 Qc8 12. a5 Rd8 13. d3 Bf8 14. Nc3 Rb8 15. Rfb1 Bc6 16. axb6 axb6 17. Nb5 Ra8 18. Qf1 Qb7 19. Ne1 Bxg2 20. Qxg2 Qxg2+ 21. Kxg2 Rdc8 22. f4 Ne8 23. Nf3 f6 24. Nd2 Nd6 25. Nxd6 Bxd6 26. Ne4 Be7 27. Nc3 Kf7 28. Nb5 h5 29. e4 Ra5 30. Bc3 Rxa1 31. Rxa1 Nb8 32. Ra8 Rd8 33. h3 Nc6 34. Rxd8 Bxd8 35. g4 hxg4 36. hxg4 Ke7 37. f5 e5 38. Kh3 Kd7 39. Kh4 Ne7 40. Kh5 Bc7 41. Bd2 Bb8 42. g5 Ke8 43. g6 Nc6 44. Kg4 Nd4 45. Nxd4 cxd4 46. Kf3 Bd6 47. Ke2 Kd7 48. Kd1 Kc6 49. Kc2 b5 50. Kb3 Bc5 51. Bh6 Bf8 52. Bd2 Bc5 53. Ba5 Bf8 54. Bd8 Kc5 55. cxb5 Kxb5 56. Bc7 Kc6 57. Bd8 Kb5 58. Bc7 Be7 59. Bb8 Bf8 60. Ba7 Be7 61. Bb8 Bf8 62. Kc2 Kb4 63. Bc7 Ka4 64. Bb6 Kb4 65. Bd8 Ka4 66. Kb2 Kb4 67. Bc7 Ka4 68. Bb6 Kb4 69. Ba7 Ka4 70. Bb8 Kb4 71. Bc7 Ka4 72. Bd8 Kb4 73. Kc2 Ka4 74. Bc7 Kb4 75. Bb8 Ka4 76. Ba7 Kb4 77. Bb6 Ka4 78. Bc7 Kb4 79. Bd8 1/2-1/2

[Event "Titled Tuesday intern op 21st Jan Late"]
[Site "Chess.com INT"]
[Date "2025.01.21"]
[Round "1"]
[White "Vila Dupla, Aurelio"]
[Black "Korneev, Svyatoslav"]
[Result "0-1"]
[WhiteElo "2056"]
[BlackElo "2187"]
[PlyCount "92"]
[EventDate "2025.01.21"]
[EventType "swiss (blitz)"]
[EventRounds "11"]
[EventCountry "USA"]
[SourceTitle "CB05_2025"]
[SourceDate "2025.01.29"]
[SourceVersion "1"]
[SourceVersionDate "2025.01.29"]
[SourceQuality "1"]

1. Nf3 d6 2. d4 f5 3. g3 b6 4. Bg2 Bb7 5. 0-0 Nf6 6. c4 e6 7. Nc3 g6 8. d5 e5 9. Ng5 Bc8 10. Ne6 Bxe6 11. dxe6 c6 12. b4 Be7 13. b5 e4 14. f3 d5 15. bxc6 Bc5+ 16. Kh1 d4 17. Nd5 Nxd5 18. cxd5 Qxd5 19. fxe4 fxe4 20. c7 Nc6 21. Rf4 Qd6 22. Qa4 Rc8 23. Rf7 Qxe6 24. Rf4 Rf8 25. Rxf8+ Kxf8 26. Bh6+ Kg8 27. Rf1 Rxc7 28. Qc2 Rf7 29. Rxf7 Kxf7 30. Bxe4 Nb4 31. Qb3 Qxb3 32. axb3 Ke6 33. Kg2 Nd5 34. Bd2 a5 35. Kf3 Ke5 36. Bf4+ Ke6 37. Bd2 Nf6 38. Bd3 Bb4 39. Bc4+ Kd6 40. Bg5 Nd7 41. Bg8 Nc5 42. Bxh7 Nxb3 43. Bxg6 a4 44. Bc2 Nc5 45. h4 a3 46. Bb1 Bc3 0-1

[Event "Titled Tuesday intern op 14th Jan Early"]
[Site "Chess.com INT"]
[Date "2025.01.14"]
[Round "10"]
[White "Levitan, Caleb Levi"]
[Black "Korneev, Svyatoslav"]
[Result "1-0"]
[WhiteElo "2293"]
[BlackElo "2187"]
[PlyCount "101"]
[EventDate "2025.01.14"]
[EventType "swiss (blitz)"]
[EventRounds "11"]
[EventCountry "USA"]
[SourceTitle "CB04_2025"]
[SourceDate "2025.01.22"]
[SourceVersion "1"]
[SourceVersionDate "2025.01.22"]
[SourceQuality "1"]

1. e4 e6 2. d4 d5 3. Nc3 Bb4 4. e5 c5 5. Bd2 Ne7 6. Nb5 Bxd2+ 7. Qxd2 0-0 8. f4 Nbc6 9. Nf3 cxd4 10. Bd3 f5 11. Nbxd4 Qb6 12. c3 Bd7 13. 0-0 Nxd4 14. cxd4 Nc6 15. Be2 Rac8 16. Rac1 Na5 17. b3 h6 18. Rxc8 Rxc8 19. Rc1 Rc6 20. Kf1 Be8 21. Rc5 Rxc5 22. dxc5 Qc7 23. Nd4 Bd7 24. b4 Nc6 25. Nb5 Qd8 26. Nd6 Qc7 27. a3 Ne7 28. g4 g6 29. gxf5 gxf5 30. Bh5 b6 31. Qg2+ Kf8 32. Qh3 Ng8 33. Bf7 bxc5 34. Qg3 Ne7 35. Qh4 Ng8 36. Bxg8 Kxg8 37. Qxh6 Bb5+ 38. Nxb5 Qb6 39. Qg6+ Kh8 40. Qf6+ Kg8 41. Nd6 cxb4 42. Qf7+ Kh8 43. Qe8+ Kg7 44. Qd7+ Kh8 45. Qc8+ Kg7 46. axb4 Qxb4 47. Qb7+ Kh6 48. Qxb4 Kh5 49. Qb7 Kg4 50. Qg7+ Kxf4 51. Qg3# 1-0

[Event "Roquetas de Mar op 36th"]
[Site "Roquetas de Mar"]
[Date "2025.01.06"]
[Round "8"]
[White "Korneev, Svyatoslav"]
[Black "Moral Garcia, Serafin"]
[Result "1/2-1/2"]
[WhiteElo "2187"]
[BlackElo "2315"]
[PlyCount "60"]
[EventDate "2025.01.02"]
[EventType "swiss"]
[EventRounds "9"]
[EventCountry "ESP"]
[SourceTitle "CB02_2025"]
[SourceDate "2025.01.08"]
[SourceVersion "1"]
[SourceVersionDate "2025.01.08"]
[SourceQuality "1"]

1. Nf3 Nf6 2. c4 c5 3. b3 Nc6 4. Bb2 d5 5. cxd5 Qxd5 6. Nc3 Qd8 7. g3 e5 8. Bg2 Bd6 9. d3 0-0 10. 0-0 Bf5 11. Rc1 Qd7 12. Ng5 b6 13. Nge4 Nxe4 14. dxe4 Be6 15. Qd2 Rfd8 16. Rfd1 Be7 17. Qe1 Qe8 18. Rc2 Rxd1 19. Qxd1 Rd8 20. Rd2 Rxd2 21. Qxd2 c4 22. Nd5 cxb3 23. axb3 Bc5 24. e3 Qd7 25. Bc3 a5 26. Bf1 f6 27. Bc4 Kf8 28. Qe2 Ne7 29. Qd3 Nxd5 30. exd5 Bf5 1/2-1/2

[Event "Roquetas de Mar op 36th"]
[Site "Roquetas de Mar"]
[Date "2025.01.05"]
[Round "6"]
[White "Korneev, Svyatoslav"]
[Black "Sousa, Andre Ventura"]
[Result "0-1"]
[WhiteElo "2187"]
[BlackElo "2387"]
[PlyCount "124"]
[EventDate "2025.01.02"]
[EventType "swiss"]
[EventRounds "9"]
[EventCountry "ESP"]
[SourceTitle "CB02_2025"]
[SourceDate "2025.01.08"]
[SourceVersion "1"]
[SourceVersionDate "2025.01.08"]
[SourceQuality "1"]

1. c4 e5 2. Nc3 Bb4 3. Nd5 a5 4. a3 Be7 5. g3 Nf6 6. Nxe7 Qxe7 7. d4 d6 8. Bg2 0-0 9. Bg5 h6 10. Bxf6 Qxf6 11. e3 Nc6 12. d5 Nb8 13. Ne2 Bg4 14. 0-0 Bxe2 15. Qxe2 a4 16. c5 Na6 17. cxd6 cxd6 18. Rac1 Nc5 19. Rc4 Qe7 20. e4 Nb3 21. Bh3 b5 22. Rc3 Rfb8 23. Qc2 Nc5 24. Rd1 Ra6 25. Qe2 Rab6 26. Rd2 g6 27. Rdc2 b4 28. axb4 Rxb4 29. Rc4 Kg7 30. Bg2 Qb7 31. Rxb4 Qxb4 32. h4 Qd4 33. Rd2 Qb4 34. Rc2 Qb5 35. Qxb5 Rxb5 36. Bf1 Rb4 37. f3 f5 38. exf5 gxf5 39. Bc4 Kf6 40. Kf2 f4 41. Kg2 Kf5 42. Kf2 e4 43. gxf4 Kxf4 44. fxe4 Kxe4 45. Kg3 Kd4 46. Ba2 Ke3 47. Bc4 Kd4 48. Ba2 h5 49. Rd2+ Ke3 50. Rc2 Nd3 51. Rc3 Rxb2 52. Bc4 Kd4 53. Rxd3+ Kxc4 54. Rd1 a3 55. Kf4 a2 56. Ra1 Kb3 57. Kg5 Rb1 58. Rxa2 Kxa2 59. Kxh5 Rd1 60. Kg6 Rxd5 61. h5 Rd1 62. h6 Rh1 0-1

[Event "Roquetas de Mar op 36th"]
[Site "Roquetas de Mar"]
[Date "2025.01.04"]
[Round "5"]
[White "Castellanos Rodriguez, Renier"]
[Black "Korneev, Svyatoslav"]
[Result "1/2-1/2"]
[WhiteElo "2482"]
[BlackElo "2187"]
[PlyCount "84"]
[EventDate "2025.01.02"]
[EventType "swiss"]
[EventRounds "9"]
[EventCountry "ESP"]
[SourceTitle "CB02_2025"]
[SourceDate "2025.01.08"]
[SourceVersion "1"]
[SourceVersionDate "2025.01.08"]
[SourceQuality "1"]

1. Nf3 e6 2. c4 d5 3. e3 a6 4. b3 Nf6 5. Bb2 Nbd7 6. Nc3 Bd6 7. g3 b6 8. cxd5 exd5 9. Bg2 Bb7 10. Ne2 0-0 11. 0-0 Qe7 12. Rc1 g6 13. Rc2 a5 14. d4 c6 15. a4 h5 16. Nf4 Ne4 17. Re1 Bb4 18. Ree2 Ba6 19. Rxc6 Bxe2 20. Qxe2 Ndf6 21. Ne5 Rfd8 22. Qc2 Qe8 23. Nxd5 Rxd5 24. Bxe4 Nxe4 25. Qxe4 Rd6 26. Rc7 Re6 27. d5 Re7 28. Rxe7 Bxe7 29. Nxg6 Ba3 30. Qxe8+ Rxe8 31. Bxa3 fxg6 32. Bb2 b5 33. Bd4 bxa4 34. bxa4 Rb8 35. Bc3 Rb4 36. e4 Rxe4 37. d6 Kf7 38. Bxa5 Ke6 39. Bd2 Rxa4 40. Bf4 g5 41. Bxg5 Kxd6 42. Kg2 Ke5 1/2-1/2

[Event "Titled Tuesday intern op 26th Nov Late"]
[Site "Chess.com INT"]
[Date "2024.11.26"]
[Round "10"]
[White "Korneev, Svyatoslav"]
[Black "Archer, Ollie"]
[Result "1-0"]
[WhiteElo "2181"]
[BlackElo "1960"]
[PlyCount "47"]
[EventDate "2024.11.26"]
[EventType "swiss (blitz)"]
[EventRounds "11"]
[EventCountry "USA"]
[SourceTitle "CB49_2024"]
[SourceDate "2024.12.04"]
[SourceVersion "1"]
[SourceVersionDate "2024.12.04"]
[SourceQuality "1"]

1. Nf3 d5 2. e3 Nf6 3. b3 c5 4. c4 d4 5. Ba3 e6 6. exd4 cxd4 7. Bxf8 Kxf8 8. g3 Nc6 9. Bg2 d3 10. 0-0 e5 11. Nc3 h6 12. Re1 Qd6 13. Qc1 Bf5 14. Nb5 Qb8 15. Qa3+ Kg8 16. Nd6 Be6 17. Nxe5 Nd4 18. Bxb7 Nc2 19. Qc5 Kh7 20. Nxd3 Rd8 21. Bxa8 Qxa8 22. Nf4 Bg4 23. h3 Bf3 24. Qf5+ 1-0

[Event "Calvia Amateur op 21st"]
[Site "Calvia"]
[Date "2024.10.12"]
[Round "8"]
[White "Korneev, Svyatoslav"]
[Black "Gihr, Michael"]
[Result "1-0"]
[WhiteElo "2193"]
[BlackElo "1997"]
[PlyCount "121"]
[EventDate "2024.10.05"]
[EventType "swiss"]
[EventRounds "9"]
[EventCountry "ESP"]
[SourceTitle "CB45_2024"]
[Source "ChessBase"]
[SourceDate "2024.11.06"]
[SourceVersion "1"]
[SourceVersionDate "2024.11.06"]
[SourceQuality "1"]

1. c4 b6 2. e4 e5 3. Nc3 Nc6 4. g3 Bb7 5. Nge2 Bc5 6. Bg2 Nf6 7. Na4 Bd4 8. Nxd4 Nxd4 9. Nc3 0-0 10. d3 c5 11. 0-0 d6 12. f4 Nd7 13. f5 f6 14. Be3 Bc6 15. a3 a5 16. a4 Ra7 17. Ne2 Nb8 18. g4 Be8 19. Ng3 Nbc6 20. b3 Kh8 21. Ra2 Bf7 22. Raf2 Nb4 23. Bc1 h6 24. Re1 Rc7 25. Re3 Be8 26. Nf1 Kg8 27. Rg3 Kf7 28. Ne3 Ke7 29. h4 Kd7 30. g5 hxg5 31. hxg5 Kc8 32. Rh3 Bc6 33. Bf1 Kb7 34. g6 Rh8 35. Rfh2 Rxh3 36. Rxh3 Ka6 37. Rh7 Rd7 38. Ng4 Kb7 39. Be3 Qf8 40. Nf2 Nbc2 41. Bd2 Ka6 42. Nh1 Qa8 43. Ng3 Qb7 44. Kf2 Nb4 45. Bc3 Nbc2 46. Be2 Ka7 47. Qd2 Nb4 48. Bxd4 cxd4 49. Bf3 Na6 50. Bd1 Nb4 51. Qe2 Qc7 52. Qf3 Na2 53. Nh5 Nb4 54. Be2 Ka6 55. Qg4 Nc2 56. Nxf6 Ne3 57. Qg3 Re7 58. Ng4 Nxg4+ 59. Qxg4 Qd8 60. Qh4 Qf8 61. Rh8 1-0